00454 a2200157 4500245009700000300001100097650005400108260000900162300000900171100000700180630002500187037001200212037001300224650002800237100003100265 aComptabilité des sociétés selon le SYSCOA : tome 1 : Cours - Illustrations - Exercices a459 p. aComptabilité de gestion : plan comptable SYSCOA c2000 b30cm lFr a657 - Comptabilité aDE 9659 b1, Achat a6 - SCIENCES APPLIQUEES aFreitas, Christophe Mensah